| 000 | 00831nam a2200229Ia 4500 | ||
|---|---|---|---|
| 999 |
_c39790 _d39790 |
||
| 001 | 6395 | ||
| 003 | GE_BSU | ||
| 005 | 20221101113538.0 | ||
| 008 | 181216s1964ru xx |||||||||||||| ||rus|| | ||
| 040 | _cGE_BSU | ||
| 041 | _arus | ||
| 080 | _a514.12(076.1)(075.8) К-48 | ||
| 100 |
_aКлетеник, Д.В. _915687 |
||
| 245 |
_aСборник задач по аналитической геометрии / _cД.В. Клетеник, Под. ред. Н.В. Ефимова. |
||
| 264 |
_aМосква : _bНаука, _c1964. |
||
| 300 |
_a254 стр. : _b20 см. |
||
| 653 | _aГеометрия | ||
| 653 | _aСборник задач по аналитической геометрии | ||
| 653 | _aგეომეტრია | ||
| 700 |
_aЕфимова, Н.В. _eრედაქტორი _915688 |
||
| 942 |
_cBK _2udc |
||